[Event "AUTO-ADV-760"]
[Site "http://www.queenalice.com/game.php?id=410405"]
[Date "2008.5.30"]
[Round "2"]
[White "GM_Bagomeu_Jlle"]
[Black "Blackangel"]
[Result "1-0"]
[WhiteElo "1901"]
[BlackElo "1957"]

1. e4 c5 2. Nf3 d6 3. d4 cxd4 4. Nxd4 g6 5. c4 Bg7 6. Nc3 Nd7 7. Be3 a6 8. Be2
Qb6 9. O-O Qxb2 10. Nd5 Kd8 11. Nc2 Rb8 12. Qd2 Nc5 13. Rfb1 Nxe4 14. Qa5+ b6
15. Bxb6+ Rxb6 16. Rxb2 Ke8 17. Qxb6 1-0

[Event "AUTO-ADV-760"]
[Site "http://www.queenalice.com/game.php?id=410406"]
[Date "2008.5.30"]
[Round "2"]
[White "Blackangel"]
[Black "GM_Bagomeu_Jlle"]
[Result "0-1"]
[WhiteElo "1956"]
[BlackElo "1913"]

1. e4 c6 2. d4 d5 3. e5 Bf5 4. Be3 e6 5. Bd3 Bxd3 6. Qxd3 Qb6 7. b3 Nd7 8. Ne2
Rc8 9. O-O h5 10. c4 dxc4 11. bxc4 Nh6 12. d5 Nxe5 13. Qc3 Qc7 14. Bd4 Neg4 15.
Ng3 h4 16. Bxg7 hxg3 17. Bxh8 gxf2+ 18. Rxf2 Bc5 19. Bd4 Qxh2+ 20. Kf1 Nxf2 21.
Bxc5 Ne4 22. Qh8+ Kd7 23. dxe6+ Kc7 24. Qd4 Nf5 25. Qd7+ Kb8 26. Qxf7 Nfg3+ 27.
Ke1 Qh1+ 28. Qf1 Qxf1# 0-1

[Event "AUTO-OPEN-946"]
[Site "http://www.queenalice.com/game.php?id=411291"]
[Date "2008.6.1"]
[Round "2"]
[White "pomar"]
[Black "GM_Bagomeu_Jlle"]
[Result "0-1"]
[WhiteElo "2050"]
[BlackElo "1882"]

1. f3 d5 2. Kf2 e5 3. e3 Bc5 4. d4 exd4 5. exd4 Qh4+ 6. g3 Qxd4+ 7. Qxd4 Bxd4+
8. Kg2 Nf6 9. c3 Bb6 10. Bg5 Nbd7 11. Nd2 O-O 12. Ne2 h6 13. Bxf6 Nxf6 14. Nf4
Be3 15. Rd1 Bxf4 16. gxf4 Nh5 17. Nb3 Nxf4+ 18. Kg3 g5 19. h4 f6 20. hxg5 hxg5
21. c4 c6 22. Bd3 Be6 23. Nc5 Rfe8 24. b3 b6 25. Nxe6 Rxe6 26. cxd5 Nxd5 27. Bc4
Rd6 28. Rh6 Kg7 29. Rdh1 Ne3 30. Rh7+ Kg6 31. Bf7+ Kf5 32. Re1 Rd3 33. Rg7 Rc3
34. Kf2 Kf4 35. Bg6 Rh8 36. Bh7 Rd8 37. Re7 Rd2+ 38. Re2 Rxe2+ 39. Kxe2 f5 40.
Rxa7 Rc2+ 41. Kd3 Rh2 42. Re7 Rh3 43. Rxe3 Rxh7 44. a4 Rh3 45. b4 g4 46. a5 bxa5
47. bxa5 gxf3 48. Re8 Rh1 49. a6 Ra1 50. a7 Rxa7 51. Re1 f2 52. Rf1 Kf3 0-1

[Event "AUTO-OPEN-946"]
[Site "http://www.queenalice.com/game.php?id=411292"]
[Date "2008.6.1"]
[Round "2"]
[White "GM_Bagomeu_Jlle"]
[Black "pomar"]
[Result "0-1"]
[WhiteElo "1894"]
[BlackElo "2049"]

1. e4 e6 2. d4 d5 3. exd5 exd5 4. Nf3 Bd6 5. Bd3 c6 6. O-O Bg4 7. Re1+ Ne7 8.
Bg5 f6 9. Bh4 Qb6 10. Nbd2 c5 11. dxc5 Bxc5 12. Nb3 Nc6 13. h3 Bh5 14. g4 Bf7
15. g5 O-O-O 16. gxf6 gxf6 17. Nxc5 Qxc5 18. Bxf6 Rhg8+ 19. Kf1 Bh5 20. Bxh7
Rgf8 21. Bxe7 Nxe7 22. Qe2 Rxf3 0-1

[Event "AUTO-OPEN-946"]
[Site "http://www.queenalice.com/game.php?id=411299"]
[Date "2008.6.1"]
[Round "2"]
[White "GM_Bagomeu_Jlle"]
[Black "Bebeto"]
[Result "0-1"]
[WhiteElo "1931"]
[BlackElo "2192"]

1. e4 e5 2. Nf3 Nc6 3. Bc4 Nd4 4. Nxd4 exd4 5. c3 Bc5 6. O-O d6 7. b4 Bb6 8. Bb2
Qf6 9. a4 a5 10. Na3 c6 11. bxa5 Rxa5 12. Qb3 Bc5 13. cxd4 Bxa3 14. Bxa3 Nh6 15.
Bb2 O-O 16. e5 dxe5 17. dxe5 Qg6 18. Ba3 Re8 19. d4 Be6 20. Bxe6 Qxe6 21. Qxb7
Rxa4 22. Bc5 Rxa1 23. Rxa1 Nf5 24. Ra7 h5 25. Qd7 Rb8 26. h3 h4 27. Qxe6 Rb1+
28. Kh2 fxe6 29. Rc7 Rc1 30. Rc8+ Kf7 31. Rf8+ Kg6 32. Re8 Kf7 33. Rf8+ Kg6 34.
Rd8 Kg5 35. Rc8 Kf4 36. Ra8 Ke4 37. Ra7 Rf1 38. Ra2 Nxd4 39. f3+ Kxe5 40. Bxd4+
Kxd4 41. Ra4+ Kd3 42. Rxh4 c5 0-1

[Event "AUTO-OPEN-946"]
[Site "http://www.queenalice.com/game.php?id=411300"]
[Date "2008.6.1"]
[Round "2"]
[White "Bebeto"]
[Black "GM_Bagomeu_Jlle"]
[Result "1-0"]
[WhiteElo "2217"]
[BlackElo "1936"]

1. e4 c6 2. Nf3 d5 3. exd5 cxd5 4. d4 Nf6 5. Nc3 Nc6 6. Bb5 Bd7 7. O-O e6 8. a3
Be7 9. b4 Rc8 10. Re1 Nxb4 11. Bxd7+ Nxd7 12. axb4 Rxc3 13. Bd2 Rc4 14. Rxa7 Qb8
15. Qa1 O-O 16. c3 Rfc8 17. Qa2 Bf6 18. Ra1 Nb6 19. Qb2 R4c6 20. Qb1 Nc4 21. Bg5
Bxg5 22. Nxg5 g6 23. Nf3 Nb6 24. Ne5 Rxc3 25. Qd1 Nc4 26. Nd7 Qf4 27. Rxb7 Nb2
28. g3 Qh6 29. Qe2 Rc1+ 30. Rxc1 Qxc1+ 31. Kg2 Rc2 32. Rb8+ Kg7 33. Qe5+ Kh6 34.
Qf6 Qg5 35. Qxf7 Qf5 36. Qf8+ Qxf8 37. Rxf8 Nc4 38. Rf3 Nd2 39. Rf7 Ne4 40. Nf8
Rb2 41. Rxh7+ Kg5 42. Rf7 Kh6 43. h4 1-0

[Event "vem que tem"]
[Site "http://www.queenalice.com/game.php?id=421303"]
[Date "2008.6.22"]
[Round "-"]
[White "GM_Bagomeu_Jlle"]
[Black "samuca"]
[Result "0-1"]
[WhiteElo "1948"]
[BlackElo "2374"]

1. c4 c5 2. Nc3 Nc6 3. Nf3 Nf6 4. e3 e5 5. d4 exd4 6. exd4 d6 7. dxc5 dxc5 8.
Be2 Qxd1+ 9. Bxd1 Bg4 10. Be3 Bd6 11. Ba4 O-O 12. O-O-O Rad8 13. Rhe1 Bxf3 14.
gxf3 Ne5 15. f4 Nxc4 16. Bb3 Nxe3 17. fxe3 Rfe8 18. Nd5 Nxd5 19. Bxd5 b6 20. b3
Kf8 21. Kc2 Bxf4 22. exf4 Rxe1 23. Rxe1 Rxd5 24. Re2 Rf5 25. Rf2 g5 26. Kd3 gxf4
27. Ke4 Rf6 28. Rxf4 Rxf4+ 29. Kxf4 Ke7 30. Ke5 f6+ 31. Kf5 b5 32. Ke4 Ke6 33.
Kd3 Kd5 34. Ke3 c4 35. bxc4+ bxc4 36. Kd2 Kd4 37. Kc2 c3 38. Kc1 Kd3 39. Kd1 f5
40. Kc1 c2 41. a4 f4 42. a5 Kc3 43. a6 f3 0-1

[Event "vem que tem"]
[Site "http://www.queenalice.com/game.php?id=421304"]
[Date "2008.6.22"]
[Round "-"]
[White "samuca"]
[Black "GM_Bagomeu_Jlle"]
[Result "1-0"]
[WhiteElo "2343"]
[BlackElo "1884"]

1. e4 Nc6 2. Nf3 e5 3. Bc4 Nf6 4. Ng5 d5 5. exd5 Nxd5 6. Nxf7 Kxf7 7. Qf3+ Ke6
8. Nc3 Ne7 9. d4 g6 10. dxe5 c6 11. Qf6+ Kd7 12. Qxh8 1-0

[Event "vem que tem"]
[Site "http://www.queenalice.com/game.php?id=421305"]
[Date "2008.6.22"]
[Round "-"]
[White "GM_Bagomeu_Jlle"]
[Black "samuca"]
[Result "0-1"]
[WhiteElo "1903"]
[BlackElo "2353"]

1. g3 d5 2. Bg2 e5 3. e4 Nf6 4. exd5 Nxd5 5. Nc3 Nxc3 6. dxc3 c6 7. Nf3 Qxd1+ 8.
Kxd1 Bg4 9. Re1 Nd7 10. Bg5 f6 11. Be3 e4 12. Bd4 O-O-O 13. Rxe4 Bxf3+ 14. Bxf3
c5 15. Be3 Ne5+ 16. Bd2 Nxf3 17. Re2 g6 18. b3 Bh6 0-1

[Event "vem que tem"]
[Site "http://www.queenalice.com/game.php?id=421307"]
[Date "2008.6.22"]
[Round "-"]
[White "samuca"]
[Black "GM_Bagomeu_Jlle"]
[Result "1-0"]
[WhiteElo "2351"]
[BlackElo "1905"]

1. e4 c5 2. Nf3 Nc6 3. d4 cxd4 4. Nxd4 e5 5. Nb3 Nf6 6. Nc3 Bb4 7. Bd2 d5 8.
Nxd5 Nxd5 9. exd5 Bxd2+ 10. Qxd2 Nd4 11. Nxd4 exd4 12. Qxd4 O-O 13. O-O-O Bf5
14. Bd3 Bxd3 15. Rxd3 Qg5+ 16. Kb1 Qxg2 17. Rhd1 h6 18. Rg3 1-0

[Event "vem que tem"]
[Site "http://www.queenalice.com/game.php?id=421308"]
[Date "2008.6.22"]
[Round "-"]
[White "GM_Bagomeu_Jlle"]
[Black "samuca"]
[Result "0-1"]
[WhiteElo "1950"]
[BlackElo "2373"]

1. Nf3 Nf6 2. d3 d5 3. Bg5 e6 4. c3 Be7 5. e4 dxe4 6. dxe4 Qxd1+ 7. Kxd1 Nxe4 8.
Bxe7 Nxf2+ 9. Kc2 Nxh1 10. Ba3 Nf2 11. Bd3 Nxd3 12. Kxd3 b6 13. Nbd2 Ba6+ 14.
Kc2 Nd7 15. Rd1 O-O-O 16. Nb3 Nf6 17. Nbd4 c5 18. Nb3 Rxd1 19. Kxd1 Rd8+ 20. Kc2
Bd3+ 21. Kc1 Ne4 22. Nbd2 Nxd2 23. Nxd2 Bg6 24. b4 cxb4 25. Bxb4 a5 26. Be7 Rd3
27. c4 Rc3+ 28. Kb2 Rc2+ 29. Kb3 Rxd2 30. c5 Kd7 31. Bd6 Rxd6 32. cxd6 Kxd6 33.
Kc4 Kc6 34. Kd4 f6 35. Kc4 b5+ 36. Kc3 Kc5 37. a3 b4+ 38. axb4+ axb4+ 39. Kb3 e5
40. Kb2 Kc4 0-1

[Event "vem que tem"]
[Site "http://www.queenalice.com/game.php?id=421309"]
[Date "2008.6.22"]
[Round "-"]
[White "GM_Bagomeu_Jlle"]
[Black "samuca"]
[Result "0-1"]
[WhiteElo "1929"]
[BlackElo "2369"]

1. d4 Nf6 2. Nf3 g6 3. c4 Bg7 4. Nc3 O-O 5. e4 d6 6. e5 dxe5 7. dxe5 Qxd1+ 8.
Nxd1 Ng4 9. Be2 Nxe5 10. Bf4 Nbc6 11. Ne3 Be6 12. O-O Nxf3+ 13. Bxf3 Bxb2 14.
Rab1 Be5 15. Bxe5 Nxe5 16. Nd5 Nxf3+ 17. gxf3 Bxd5 18. cxd5 b6 19. Rbc1 Rac8 20.
Rfe1 Rfe8 21. Rc6 f6 22. Rec1 Rcd8 23. Rxc7 Rxd5 24. Rxa7 Ra5 25. Rb7 Rxa2 26.
Rcc7 Kf7 27. Rxb6 Rd8 28. Rbb7 Re2 29. Kf1 Rdd2 30. Rd7 Rxf2+ 31. Kg1 Rfe2 32.
f4 Re1# 0-1

[Event "vem que tem"]
[Site "http://www.queenalice.com/game.php?id=421323"]
[Date "2008.6.22"]
[Round "-"]
[White "samuca"]
[Black "GM_Bagomeu_Jlle"]
[Result "1-0"]
[WhiteElo "2375"]
[BlackElo "1946"]

1. e4 d5 2. exd5 Qxd5 3. Nc3 Qa5 4. d4 Nf6 5. Nf3 Bg4 6. Be2 e6 7. O-O Bb4 8.
Bd2 Nc6 9. Ne5 Bxe2 10. Qxe2 Bxc3 11. Bxc3 Qd5 12. Nxc6 Qxc6 13. Rad1 Qd5 14.
Qe5 Qxe5 15. dxe5 Nd5 16. Rd3 Nxc3 17. Rxc3 c6 18. Rd1 Ke7 19. Rd6 Rhd8 20. Rcd3
f6 21. f4 fxe5 22. fxe5 Rxd6 23. Rxd6 Rd8 24. Rxd8 Kxd8 25. Kf2 Ke7 26. Ke3 b5
27. Kd4 Kd7 28. Kc5 Kc7 29. g4 g5 30. h3 h6 31. b4 a6 32. a3 Kd7 33. Kb6 Ke7 34.
Kxa6 Kd7 35. Kb6 Ke7 36. Kxc6 Ke8 37. Kxb5 Kd7 38. c4 Kc7 39. c5 Kb7 40. c6+ Kc7
41. Kc5 Kc8 42. Kd6 1-0

[Event "vem que tem"]
[Site "http://www.queenalice.com/game.php?id=421324"]
[Date "2008.6.22"]
[Round "-"]
[White "GM_Bagomeu_Jlle"]
[Black "samuca"]
[Result "0-1"]
[WhiteElo "1938"]
[BlackElo "2379"]

1. b4 e5 2. Bb2 d5 3. Bxe5 Bxb4 4. Bc3 Bxc3 5. Nxc3 Nf6 6. e3 O-O 7. Nf3 c5 8.
Bb5 a6 9. Ba4 b5 10. Bb3 c4 11. d4 Qa5 12. Qd2 Bg4 13. O-O Nbd7 14. a3 cxb3 15.
cxb3 Rac8 16. b4 Qb6 17. Rac1 Rc4 18. h3 Bxf3 19. gxf3 Rfc8 20. Rc2 Qe6 21. Kh2
Qf5 22. Kg3 Nh5+ 23. Kg2 R8c6 24. Rg1 Rg6+ 25. Kf1 Qxf3 26. Rxg6 hxg6 27. Qe2
Qxh3+ 28. Ke1 Ndf6 29. Kd1 Ne4 30. Nxe4 Qh1+ 31. Qe1 Qxe1+ 32. Kxe1 Rxc2 33. Kd1
Ra2 34. Nc3 Ra1+ 35. Kc2 Rxa3 36. Kb2 Rxc3 37. Kxc3 f5 38. f3 Nf6 39. Kd3 g5 40.
Ke2 g4 41. fxg4 Nxg4 42. Kf3 g5 43. Ke2 Kf7 44. Kf3 Ke6 45. Ke2 Nh6 46. Kf3 Ng8
47. Ke2 Ne7 48. Kf3 g4+ 49. Kg3 Nc6 50. Kf4 Nxb4 51. Kg3 Kf6 52. Kf4 Nd3+ 53.
Kg3 Nc1 54. Kf4 Ne2# 0-1